Online
Catalog

Memorias : (Record no. 19790)

MARC details
000 -CABECERA
campo de control de longitud fija 00900nam a2200229 u 4500
001 - NÚMERO DE CONTROL
campo de control 000020286
005 - FECHA Y HORA DE LA ÚLTIMA TRANSACCIÓN
campo de control 20200929170340.0
008 - DATOS DE LONGITUD FIJA--INFORMACIÓN GENERAL
campo de control de longitud fija 100813s1989 sp r 000 0 spa d
020 ## - NÚMERO INTERNACIONAL ESTÁNDAR DEL LIBRO
ISBN cancelado o inválido 844027409 (v.1)
040 ## - FUENTE DE LA CATALOGACIÓN
Centro catalogador/agencia de origen DO-SdBNP
Lengua de catalogación spa
Centro/agencia transcriptor BNPHU
082 ## - NÚMERO DE LA CLASIFICACIÓN DECIMAL DEWEY
Número de clasificación xxx
Número de documento/Ítem xxxx
100 1# - ENTRADA PRINCIPAL--NOMBRE DE PERSONA
Nombre de persona Churchill, Winston Leonard Spencer,
Fechas asociadas al nombre 1874-1965.
9 (RLIN) 42918
240 13 - TÍTULO UNIFORME
Título uniforme The second world war (1948-1954). The gatering storm.
245 10 - MENCIÓN DE TÍTULO
Título Memorias :
Resto del título la segunda guerra mundial /
Mención de responsabilidad, etc. Winston S. Churchill ; Traducción, Juan G. de Lucas.
260 ## - PUBLICACIÓN, DISTRIBUCIÓN, ETC.
Lugar de publicación, distribución, etc. Barcelona :
Nombre del editor, distribuidor, etc. Ediciones Orbis,
Fecha de publicación, distribución, etc. 1989.
300 ## - DESCRIPCIÓN FÍSICA
Extensión v. ;
Dimensiones 20 cm.
490 1# - MENCIÓN DE SERIE
Mención de serie Biblioteca de historia ;
Designación de volumen o secuencia 15/20
504 ## - NOTA DE BIBLIOGRAFÍA, ETC.
Nota de bibliografía, etc. Incluye referencias bibliográficas y notas al pie de las páginas
505 #0 - NOTA DE CONTENIDO CON FORMATO
Nota de contenido con formato v.1 : Como se fraguo la tormenta : Parte 1 De guerra a guerra.
700 12 - PUNTO DE ACCESO ADICIONAL--NOMBRE DE PERSONA
Nombre de persona Lucas, Juan G. de,
Término indicativo de función/relación tr.
9 (RLIN) 42919
830 #0 - PUNTO DE ACCESO ADICIONAL DE SERIE-TÍTULO UNIFORME
Título uniforme Biblioteca de historia ;
Número de parte o sección de la obra 15/20
9 (RLIN) 42920
Holdings
Estado de retiro Estado de pérdida Restricciones de uso No para préstamo Código de colección Localización permanente Ubicación/localización actual Ubicación en estantería Fecha de adquisición Número de inventario Total de préstamos Signatura topográfica completa Código de barras Fecha visto por última vez Precio válido a partir de Tipo de ítem Koha
        Monografías: Libros y Folletos General General Orden iniciada 05.05.2017 LF1   xxx xxxx 20286-10 25.06.2020 25.06.2020 No se presta

Powered by Koha